000 00661nam a2200241Ia 4500
003 OSt
005 20220918175228.0
006 a|||||r|||| 00| 0
007 ta
008 220917b |||||||| |||| 00| 0 eng d
024 _a16,270
037 _cTextual
040 _aARTS
_cARTS
_beng
041 _2eng
_aeng
082 _aO:1xJ7, G9
100 _aYoung W T ed
_953359
245 0 _aAnthology of the poetry of the age of Shakespeare
260 _c1939
490 _aCambridge anthologies ed by W T Young and J Dover Wilson; 1
650 _aENGLISH LITERATURE
942 _hO:1xJ7, G9
_cTEXL
_2CC
999 _c156654
_d156654